LEADER 01569nam--2200385---450- 001 990002077400203316 005 20091218122547.0 035 $a000207740 035 $aUSA01000207740 035 $a(ALEPH)000207740USA01 035 $a000207740 100 $a20041013d1981----km-y0itay0103----ba 101 0 $ager 102 $aDE 105 $a||||||||001yy 200 1 $a<> Organisation des Sparkassenwesens im Stadtverband Saarbrücken$erechtsfragen der Auflösung der Sparkassengemengelage im Stadtverband Saarbrücken als Folge der kommunalen Gebietsreform$fvon Joachim Burmeister und Dieter G. Bodenheim 210 $aKöln [etc.]$cC. Heymanns$d1981 215 $a181 p.$d21 cm 225 2 $aSchriftenreihe Annales Universitatis Saraviensis, Rechts- und wirtschaftswissenschaftliche Abteilung$v103 410 0$12001$aSchriftenreihe Annales Universitatis Saraviensis, Rechts- und wirtschaftswissenschaftliche Abteilung$v103 454 1$12001 461 1$1001-------$12001 606 0 $aCasse di risparmio$xDiritto tedesco$ySaarbrücken 676 $a332.1 700 1$aBURMEISTER,$bJoachim$0567262 701 1$aBODENHEIM,$bDieter G.$0567263 801 0$aIT$bsalbc$gISBD 912 $a990002077400203316 951 $aXXX.A. Coll. 69/ 87 (COLL. AFO 103)$b2221 E.C.$cXXX.A. Coll. 69/ 87 (COLL. AFO)$d00253500 959 $aBK 969 $aGIU 979 $aSIAV3$b10$c20041013$lUSA01$h1412 979 $aRSIAV3$b90$c20091218$lUSA01$h1225 996 $aOrganisation des Sparkassenwesens im Stadtverband Saarbrücken$91041955 997 $aUNISA LEADER 02339oam 2200565M 450 001 9910715448903321 005 20191116082330.4 035 $a(CKB)5470000002511556 035 $a(OCoLC)1065553920 035 $a(OCoLC)995470000002511556 035 $a(EXLCZ)995470000002511556 100 $a20070221d1826 ua 0 101 0 $aeng 135 $aurcn||||||||| 181 $ctxt$2rdacontent 182 $cc$2rdamedia 183 $acr$2rdacarrier 200 10$aIn Senate of the United States, May 4, 1826. Mr. Benton, from the select committee, to which was referred the proposition to inquire into the expediency of reducing the patronage of the executive government of the United States, made the following report .. 210 1$a[Washington, D.C.] :$c[publisher not identified],$d1826. 215 $a1 online resource (149 pages) $ctables 225 1 $aSenate document / 19th Congress, 1st session. Senate ;$vno. 88 225 1 $a[United States congressional serial set ] ;$v[serial no. 128] 300 $aTitle from opening lines of text. 300 $aBatch processed record: Metadata reviewed, not verified. Some fields updated by batch processes. 300 $aFDLP item number not assigned. 606 $aExecutive power 606 $aPatronage, Political 606 $aPresidents 606 $aGovernment executives$xSelection and appointment$zUnited States 606 $aPublic contracts 606 $aPublishers and publishing 606 $aCivil service 608 $aLegislative materials.$2lcgft 615 0$aExecutive power. 615 0$aPatronage, Political. 615 0$aPresidents. 615 0$aGovernment executives$xSelection and appointment 615 0$aPublic contracts. 615 0$aPublishers and publishing. 615 0$aCivil service. 701 $aBenton$b Thomas Hart$f1782-1858$pJacksonian (MO)$01387125 801 0$bWYU 801 1$bWYU 801 2$bOCLCQ 801 2$bOCLCO 801 2$bOCLCQ 906 $aBOOK 912 $a9910715448903321 996 $aIn Senate of the United States, May 4, 1826. Mr. Benton, from the select committee, to which was referred the proposition to inquire into the expediency of reducing the patronage of the executive government of the United States, made the following report .$93439137 997 $aUNINA